Fleet Street : (Record no. 1156)
[ view plain ]
| 000 -LEADER | |
|---|---|
| fixed length control field | 00771nam a22002411 4500 |
| 001 - CONTROL NUMBER | |
| control field | 1156 |
| 003 - CONTROL NUMBER IDENTIFIER | |
| rucl marc code | BD-RjUL |
| 005 - DATE AND TIME OF LATEST TRANSACTION | |
| control field | 20211208233302.0 |
| 008 - FIXED-LENGTH DATA ELEMENTS--GENERAL INFORMATION | |
| fixed length control field | 131124s1966 enkacf 000 0 eng |
| 035 ## - SYSTEM CONTROL NUMBER | |
| System control number | (BD-RjUL)1178 |
| 040 ## - CATALOGING SOURCE | |
| Original cataloging agency | DLC |
| Transcribing agency | DLC |
| Modifying agency | DLC |
| -- | (BD-RjUL |
| Language of cataloging | eng |
| 041 ## - LANGUAGE CODE | |
| Language code of text/sound track or separate title | eng |
| 082 00 - DEWEY DECIMAL CLASSIFICATION NUMBER | |
| Classification number | 072 |
| Edition number | 21 |
| Author mark and year | FLE 1966 |
| 245 00 - TITLE STATEMENT | |
| Title | Fleet Street : |
| Remainder of title | the inside story of journalism / |
| Statement of responsibility, etc. | With a foreword by H.R.H. the Duke of Edinburgh. |
| 260 ## - PUBLICATION, DISTRIBUTION, ETC. (IMPRINT) | |
| Place of publication, distribution, etc. | London, |
| Name of publisher, distributor, etc. | Macdonald |
| Date of publication, distribution, etc. | c1966 |
| 300 ## - PHYSICAL DESCRIPTION | |
| Pagination | 219 p. |
| Illustrations | col. front., illus., 19 plates (incl. ports.) ; |
| Size | 25 1/2 cm. |
| 500 ## - GENERAL NOTE | |
| General note | Production team: Vivian Brodzky [and others] |
| 650 #0 - SUBJECT ADDED ENTRY--TOPICAL TERM | |
| Topical term or geographic name as entry element | Journalism |
| Geographic subdivision | Great Britain. |
| 9 (RLIN) | 3423 |
| 700 1# - ADDED ENTRY--PERSONAL NAME | |
| Personal name | Brodzky, Vivian. |
| 942 ## - ADDED ENTRY ELEMENTS (KOHA) | |
| Source of classification or shelving scheme | Dewey Decimal Classification |
| Koha item type | Books |
| Lost status | Source of classification or shelving scheme | Damaged status | Not for loan | Collection code | Permanent Location | Current Location | Shelving location | Date acquired | Source of acquisition | Cost, normal purchase price | Total Checkouts | Full call number | Date last seen | Copy number | Koha item type |
|---|---|---|---|---|---|---|---|---|---|---|---|---|---|---|---|
| Dewey Decimal Classification | Not For Loan | Non-fiction | Central Library, University of Rajshahi | Central Library, University of Rajshahi | Reading Room | 07/09/1973 | Standard Pub. Ltd, | 62.50 | 072 FLE 1966 | 24/11/2013 | C-1 | Books |